00579nam a22002177a 450000500170000001000130001702000110003003500130004103700160005404000120007008200200008224500760010225000120017826000290019027000440021930000200026365000240028365000150030770000220032270000170034420170124105913.0 aB-023884 c600.00 aB-023884 bCen Lib/Ret aDPLbEN a338.456151bSAK aSaket pharma handbook /cedited by Jay Narayan Vyas [and] Gitesh Shah  a4th ed. aAhmedabadbSaket project bAhmedabadaPanchsheel usmanpur e380013 a464p.c22cm(Hb) aMedical science y  aPharmology aVyas, Jay Narayan aShah, Gitesh